[Event "Polanica Zdroj op-B 46th"]
[Site "Polanica Zdroj"]
[Date "2010.08.24"]
[Round "7"]
[White "Knapik, Lucjan"]
[Black "Chmielarz, Maciej"]
[Result "1/2-1/2"]
[WhiteElo "1954"]
[BlackElo "1722"]
[PlyCount "92"]
[EventDate "2010.08.18"]
[EventType "swiss"]
[EventRounds "9"]
[EventCountry "POL"]
[SourceTitle "CBM 138 Extra"]
[Source "ChessBase"]
[SourceDate "2010.10.29"]
[SourceVersion "1"]
[SourceVersionDate "2010.10.29"]
[SourceQuality "1"]

1. d4 d5 2. Nf3 e6 3. c4 Nf6 4. e3 c6 5. Nc3 Bd6 6. Bd3 Nbd7 7. 0-0 dxc4 8. Bxc4 0-0 9. Qc2 e5 10. Rd1 exd4 11. Nxd4 Qc7 12. h3 Nb6 13. Bb3 g6 14. Bd2 Re8 15. a4 a5 16. Be1 Qe7 17. Rac1 Bb8 18. Nf3 Bf5 19. Qe2 Ne4 20. Nxe4 Bxe4 21. Bc3 Nd5 22. Bd4 Qc7 23. Kf1 Qe7 24. Bc2 Bxc2 25. Qxc2 Ba7 26. Bxa7 Rxa7 27. Qc5 Raa8 28. Qxe7 Rxe7 29. Rc5 Nb6 30. b3 Nd5 31. Rd4 f5 32. Ke2 Kf7 33. Ng5+ Kf6 34. h4 h6 35. Nf3 g5 36. hxg5+ hxg5 37. g3 Re6 38. Rdc4 Rae8 39. Nd2 Rh8 40. Rxa5 f4 41. gxf4 Nxf4+ 42. Kf3 Rh3+ 43. Kg4 Rh4+ 44. Kg3 Rh3+ 45. Kg4 Rh4+ 46. Kg3 Rh3+ 1/2-1/2

[Event "Polanica Zdroj op-B 46th"]
[Site "Polanica Zdroj"]
[Date "2010.08.22"]
[Round "5"]
[White "Knapik, Lucjan"]
[Black "Pastuszko, Kinga"]
[Result "1-0"]
[WhiteElo "1954"]
[BlackElo "1781"]
[PlyCount "65"]
[EventDate "2010.08.18"]
[EventType "swiss"]
[EventRounds "9"]
[EventCountry "POL"]
[SourceTitle "CBM 138 Extra"]
[Source "ChessBase"]
[SourceDate "2010.10.29"]
[SourceVersion "1"]
[SourceVersionDate "2010.10.29"]
[SourceQuality "1"]

1. e4 e5 2. Nf3 Nc6 3. Bb5 a6 4. Ba4 Nf6 5. 0-0 b5 6. Bb3 Bc5 7. c3 d6 8. d4 Bb6 9. h3 h6 10. Re1 0-0 11. a4 Bb7 12. d5 Ne7 13. c4 bxc4 14. Bxc4 c6 15. dxc6 Nxc6 16. Nc3 Nd4 17. Be3 Re8 18. Nxd4 exd4 19. Bxd4 Nxe4 20. Bxf7+ Kxf7 21. Qb3+ Kf8 22. Bxb6 Qd7 23. Nxe4 Bxe4 24. Rxe4 Rxe4 25. Qf3+ Kg8 26. Qxe4 d5 27. Qd3 Qc6 28. a5 Re8 29. Rd1 Re5 30. f4 Re4 31. Qxd5+ Qxd5 32. Rxd5 Rxf4 33. Bd4 1-0

[Event "Polanica Zdroj op-B 46th"]
[Site "Polanica Zdroj"]
[Date "2010.08.21"]
[Round "4"]
[White "Adamczewski, Jedrzej"]
[Black "Knapik, Lucjan"]
[Result "1/2-1/2"]
[WhiteElo "1785"]
[BlackElo "1954"]
[PlyCount "106"]
[EventDate "2010.08.18"]
[EventType "swiss"]
[EventRounds "9"]
[EventCountry "POL"]
[SourceTitle "CBM 138 Extra"]
[Source "ChessBase"]
[SourceDate "2010.10.29"]
[SourceVersion "1"]
[SourceVersionDate "2010.10.29"]
[SourceQuality "1"]

1. e4 e5 2. Nf3 Nc6 3. Bc4 Bc5 4. Nc3 d6 5. h3 Nf6 6. d3 h6 7. Be3 Bb6 8. d4 Qe7 9. dxe5 Nxe5 10. Nxe5 Qxe5 11. Bxb6 axb6 12. 0-0 0-0 13. Qd3 Re8 14. Rae1 Be6 15. Bxe6 Rxe6 16. Re3 Qc5 17. a4 Rae8 18. Rfe1 Qb4 19. b3 R8e7 20. Nd5 Nxd5 21. exd5 Qxe1+ 22. Rxe1 Rxe1+ 23. Kh2 R1e5 24. g3 g6 25. Kg2 Kg7 26. Qd2 h5 27. Qd3 f5 28. h4 Kh7 29. Kf3 Re4 30. Kg2 f4 31. Kf3 fxg3 32. fxg3 R4e5 33. Kf2 Kg7 34. Qd4 Kf6 35. Kf3 Rf7 36. Qc4 g5 37. hxg5+ Kxg5+ 38. Kg2 Kh6 39. Kh3 Rg7 40. Qf4+ Kh7 41. c4 Kg8 42. Qh6 Reg5 43. Qe6+ Kh8 44. Qh6+ Kg8 45. Qe6+ Kh7 46. Qe4+ Kh8 47. Qe8+ Rg8 48. Qf7 Rxg3+ 49. Kh4 Rg1 50. Qf6+ R8g7 51. Qh6+ Kg8 52. Qe6+ Kh7 53. Qf5+ Kg8 1/2-1/2